00485nam a2200181 a 4500001001300000003000900013005001700022008004100039020001000080082001900090245003600109260006100145300000900206500003500215505001000250650001900260710002400279nice12345678IN_TiNIC20260116011531.0050524s1929 cala grp 000 0 eng  ac10000a306.80954bGOI aReport of the Consent Committee aCalcuttabGovernment of India, Central Printing Prc1929 a353p aincludes index and biblioraphy2 aIndex aChild Marriage2 aGovernment of India